000 00357nam a22001337a 4500
999 _c17658
_d17658
008 190517b xxu||||| |||| 00| 0 eng d
020 _a0471578840
050 _aG155
_b.L86 1995 c.1
100 _aLundbrg, Donald E.
245 _aTourism Economics
_cDonald E. Lundberg
260 _aNew York
_bJohn Wiley
_c1995
300 _ax, 195p.
942 _2lcc
_cBK